00221nam a22000977a 4500020001800000082002000018100002000038245001400058260003700072300001400109 a9788192828909 a894.8123bGAN/K aGanesh, Sunitha aKarimashi aCalicut:bHaritham Books,c2018. a210 pages